000 00336nam a2200145Ia 4500
008 191201s2011 xx 000 0 und d
082 _a519.515
100 _aKILLER, Gerald
245 0 _aStatistics for Management
250 _aRep
260 _aN. Delhi
_bCENGAGE Learning
_c2011
300 _a718
650 _aBBA
942 _2ddc
_cBK
999 _c4908
_d4908